Look at the Coins! Papers in Honour of Joe Cribb on his 75th Birthday

محفوظ في:

المؤلف الرئيسي: Helen Wang

التنسيق: كتاب

اللغة: Undetermined

الوصول للمادة أونلاين: Login to view Source

الوسوم: إضافة وسم

لا توجد وسوم, كن أول من يضع وسما على هذه التسجيلة!

رقم الطلب:

LEADER 00462nmm a2200133Ia 4500
008 240716s9999||||xx |||||||||||||||||und||
020 |a 9781803276106 
020 |a 9781803276113 
100 |a Helen Wang 
245 1 0 |a Look at the Coins! Papers in Honour of Joe Cribb on his 75th Birthday  |c Helen Wang 
264 |b Archaeopress Archaeology  |c 21-ديسمبر-23 
856 4 0 |u http://library.arce.org:8087/Archaeopress/Products/9781803276106 
942 |2 lcc  |c EBOOK 
999 |c 58978  |d 58978